| 000 | 00621nam 22002053 4500 | ||
|---|---|---|---|
| 001 | 201749 | ||
| 090 | _a201749 | ||
| 100 | _a20260414d u||y0pory50 ba | ||
| 200 |
_aA máquina humana _fAdolphe Abrahams _gtradução Ludgero Pinto Basto |
||
| 210 |
_aLisboa _cUlisseia _dimp. 1966 |
||
| 215 |
_a193, [3] p. _cbrochado _d19 cm |
||
| 225 |
_aLivros Pelicano _h51 |
||
| 606 |
_98141 _aCiências Médicas |
||
| 610 | _amedicina desportiva | ||
| 675 |
_a61 _vPT _zpor |
||
| 700 |
_917107 _aAbrahams _bAdolphe _f1883-1967 |
||
| 702 |
_917108 _aBasto _bLudgero Pinto _f1909-2005 |
||
| 801 |
_aPT _bBMMN _gRPC |
||
| 830 | _cVanda | ||
| 990 | _cLIVROS | ||